Catálogo

DESARROLLO DE HABILIDADES DEL PENSAMIENTO : (Registro nro. 14418)

Detalles MARC
000 -LEADER
fixed length control field 00529nam a2200181 a 4500
001 - CONTROL NUMBER
control field 14418
005 - DATE AND TIME OF LATEST TRANSACTION
control field 20180713202912.0
008 - FIXED-LENGTH DATA ELEMENTS--GENERAL INFORMATION
fixed length control field 140415s1995 mx 000 0 spa d
020 ## - INTERNATIONAL STANDARD BOOK NUMBER
International Standard Book Number 968244442X
041 ## - LANGUAGE CODE
Language code of text/sound track or separate title spa
082 ## - DEWEY DECIMAL CLASSIFICATION NUMBER
Classification number 153
Item number AME
100 1# - MAIN ENTRY--PERSONAL NAME
Personal name AMESTOY DE SANCHEZ, MARGARITA
245 10 - TITLE STATEMENT
Title DESARROLLO DE HABILIDADES DEL PENSAMIENTO :
Remainder of title CREATIVIDAD: GUIA DEL INSTRUCTOR
250 ## - EDITION STATEMENT
Edition statement 1a ed.
260 ## - PUBLICATION, DISTRIBUTION, ETC.
Place of publication, distribution, etc. MEXICO :
Name of publisher, distributor, etc. TRILLAS,
Date of publication, distribution, etc. 1995
300 ## - PHYSICAL DESCRIPTION
Extent 311
650 14 - SUBJECT ADDED ENTRY--TOPICAL TERM
Topical term or geographic name entry element COGNICION
General subdivision HABILIDAD CREATIVA
-- INTELECTO
Existencias
Withdrawn status Lost status Source of classification or shelving scheme Damaged status Not for loan Home library Current library Shelving location Date acquired Source of acquisition Total Checkouts Full call number Barcode Price effective from Koha item type Collection code Inventory number Total Renewals Date last seen Date last checked out
  Extraviado Dewey Decimal Classification     Biblioteca Karol Wojtyla Biblioteca Karol Wojtyla   03/12/2013 Compra   153 AME 31589 03/12/2013 Libro          
    Dewey Decimal Classification     Biblioteca Karol Wojtyla Biblioteca Karol Wojtyla Sala general 03/12/2013 Compra 4 153 SAN 88124 03/12/2013 Libro General 151000000000000000061594 1 05/01/2026 07/05/2024
    Dewey Decimal Classification     Biblioteca Karol Wojtyla Biblioteca Karol Wojtyla Sala general 03/12/2013 Compra 2 153 AME 35893 03/12/2013 Libro General 151000000000000000061576   05/01/2026 01/03/2019